[Event "Caracas Altamira Village"]
[Site "Caracas"]
[Date "2024.02.19"]
[Round "5.3"]
[White "Duran Vega, Sergio"]
[Black "Pena Duran, Dilson Alejandro"]
[Result "1/2-1/2"]
[WhiteElo "2357"]
[BlackElo "2082"]
[PlyCount "136"]
[EventDate "2024.02.17"]
[EventType "tourn"]
[EventRounds "9"]
[EventCountry "VEN"]
[SourceTitle "CB10_2024"]
[SourceDate "2024.03.06"]
[SourceVersion "1"]
[SourceVersionDate "2024.03.06"]
[SourceQuality "1"]

1. Nf3 c5 2. e3 Nf6 3. d4 g6 4. c3 Bg7 5. Bd3 d5 6. Nbd2 Nc6 7. dxc5 0-0 8. 0-0 a5 9. a4 e5 10. e4 d4 11. cxd4 exd4 12. Nc4 Nd7 13. Bf4 Nxc5 14. Bd6 Nxd3 15. Bxf8 Nxb2 16. Nxb2 Qxf8 17. Nd3 Be6 18. Qb1 Nb4 19. Rc1 Rd8 20. Rc7 Qd6 21. Rxb7 Qc6 22. Rxb4 axb4 23. Nxb4 Qb7 24. Nd3 Qa8 25. a5 Rb8 26. Qd1 Bb3 27. Qe2 Bc4 28. Nfe1 Bf8 29. Qc2 Rc8 30. f3 Ba6 31. Qa4 Qa7 32. Rd1 Rc3 33. Qe8 Bxd3 34. Nxd3 Qxa5 35. Ne5 Qc7 36. Nd7 Qd6 37. Nxf8 Qxf8 38. Qxf8+ Kxf8 39. Rxd4 Ke7 40. Kf2 h5 41. h4 Rc2+ 42. Kg3 Rb2 43. Rd1 Re2 44. Rf1 Kf6 45. Rf2 Re3 46. Ra2 Rb3 47. Kf4 Kg7 48. Ra7 Rb1 49. Ra4 Rc1 50. Rd4 Rb1 51. e5 Rb2 52. g3 Rb6 53. Ke4 Ra6 54. Kf4 Rb6 55. Ke4 Ra6 56. Kf4 Rb6 57. g4 hxg4 58. fxg4 Rb1 59. Rd7 Rf1+ 60. Kg5 Re1 61. Rd5 Re2 62. Rc5 Re1 63. h5 Rxe5+ 64. Rxe5 f6+ 65. Kf4 fxe5+ 66. Kxe5 gxh5 67. gxh5 Kh6 68. Kf5 Kxh5 1/2-1/2

[Event "Caracas Altamira Village"]
[Site "Caracas"]
[Date "2024.02.19"]
[Round "4.3"]
[White "Ynojosa Aponte, Felix Jose"]
[Black "Duran Vega, Sergio"]
[Result "1/2-1/2"]
[WhiteElo "2367"]
[BlackElo "2357"]
[PlyCount "32"]
[EventDate "2024.02.17"]
[EventType "tourn"]
[EventRounds "9"]
[EventCountry "VEN"]
[SourceTitle "CB10_2024"]
[SourceDate "2024.03.06"]
[SourceVersion "1"]
[SourceVersionDate "2024.03.06"]
[SourceQuality "1"]

1. e4 e5 2. Nf3 Nf6 3. Nxe5 d6 4. Nf3 Nxe4 5. d4 d5 6. Bd3 Be7 7. 0-0 Nc6 8. c3 0-0 9. Re1 Bf5 10. Bf4 Qd7 11. Qc2 Bg6 12. Nbd2 Nxd2 13. Qxd2 Bxd3 14. Qxd3 Rae8 15. Re2 Bd6 16. Bxd6 Qxd6 1/2-1/2

[Event "Iberoamerican-ch 9th"]
[Site "Panama City"]
[Date "2023.11.29"]
[Round "6"]
[White "Duran Vega, Sergio"]
[Black "Sanchez Bermudez, Rogelio Oscar"]
[Result "1-0"]
[WhiteElo "2392"]
[BlackElo "1762"]
[PlyCount "69"]
[EventDate "2023.11.25"]
[EventType "swiss"]
[EventRounds "9"]
[EventCountry "PAN"]
[SourceTitle "CB49_2023"]
[SourceDate "2023.12.06"]
[SourceVersion "1"]
[SourceVersionDate "2023.12.06"]
[SourceQuality "1"]

1. Nf3 f5 2. c4 Nf6 3. Nc3 d6 4. d4 g6 5. g3 Bg7 6. Bg2 0-0 7. 0-0 h6 8. Qc2 Nc6 9. d5 Ne5 10. b3 Nxf3+ 11. exf3 c6 12. f4 Bd7 13. Bb2 Rc8 14. Rfe1 Rf7 15. Re3 a6 16. Qe2 c5 17. a4 Qc7 18. Re1 Re8 19. Nb1 Qb8 20. Bxf6 Bxf6 21. Nd2 b5 22. axb5 axb5 23. Nf3 bxc4 24. bxc4 Rd8 25. Ne5 Bxe5 26. fxe5 Rg7 27. Qa2 f4 28. Rb3 Qc7 29. e6 Bc8 30. Reb1 fxg3 31. hxg3 Kh7 32. Rb6 Rf8 33. Rc6 Qd8 34. Rb8 Rgg8 35. Be4 1-0

[Event "Panama op 4th"]
[Site "Panama City"]
[Date "2023.11.10"]
[Round "9"]
[White "Terry, Renato"]
[Black "Duran Vega, Sergio"]
[Result "1-0"]
[WhiteElo "2503"]
[BlackElo "2392"]
[PlyCount "84"]
[EventDate "2023.11.06"]
[EventType "swiss"]
[EventRounds "9"]
[EventCountry "PAN"]
[SourceTitle "CB46_2023"]
[SourceDate "2023.11.15"]
[SourceVersion "1"]
[SourceVersionDate "2023.11.15"]
[SourceQuality "1"]

1. d4 Nf6 2. Bg5 d5 3. Bxf6 exf6 4. e3 Be6 5. Ne2 Bd6 6. g3 Nd7 7. Bg2 c6 8. Qd3 f5 9. Nd2 Nf6 10. c4 g6 11. Nc3 dxc4 12. Nxc4 0-0 13. 0-0 Re8 14. a3 a5 15. Nxd6 Qxd6 16. Qc2 Bd5 17. Nxd5 Nxd5 18. Rac1 Red8 19. Qa4 Nb6 20. Qb3 Ra6 21. Rc5 a4 22. Qc2 Qe6 23. Rc1 h5 24. Qe2 Nd5 25. Qc4 Nc7 26. Qb4 Qb3 27. Qxb3 axb3 28. Bf1 Rb6 29. Bc4 Ne6 30. Ra5 Ng5 31. Kg2 Ne4 32. Bd3 Kf8 33. h3 Nd6 34. Rc3 Ne4 35. Rc1 Nd6 36. Kf3 Re8 37. Ke2 Ke7 38. Kd2 Kd7 39. h4 Ne4+ 40. Ke2 Nd6 41. f3 Re7 42. Kd2 Re8 1-0

[Event "Cancun Camara Cup 11th"]
[Site "Cancun"]
[Date "2023.10.15"]
[Round "9"]
[White "Galaviz Medina, Atlas Adomaitis"]
[Black "Duran Vega, Sergio"]
[Result "0-1"]
[WhiteElo "2147"]
[BlackElo "2392"]
[PlyCount "96"]
[EventDate "2023.10.11"]
[EventType "swiss"]
[EventRounds "9"]
[EventCountry "MEX"]
[SourceTitle "Mega2024 Update 01"]
[Source "Chessbase"]
[SourceDate "2023.11.12"]
[SourceVersion "1"]
[SourceVersionDate "2023.11.12"]
[SourceQuality "1"]

1. d4 Nf6 2. Nf3 d5 3. e3 c5 4. c4 cxd4 5. exd4 g6 6. Nc3 Bg7 7. Qb3 dxc4 8. Bxc4 0-0 9. Ne5 e6 10. Be3 Nc6 11. Nxc6 bxc6 12. 0-0 Qc7 13. h3 Rb8 14. Qc2 Nd5 15. Ne4 Qb6 16. Bxd5 cxd5 17. Nc5 Qxb2 18. Qd3 Qb6 19. Rfb1 Qc7 20. Rxb8 Qxb8 21. Rb1 Qc7 22. Qb3 h6 23. Qb8 Qa5 24. a4 Kh7 25. Qd6 Qc3 26. Rb8 e5 27. Nd7 Bxd7 28. Rxf8 exd4 29. Bf4 Be6 30. Rb8 g5 31. Bg3 d3 32. Qb4 Qxb4 33. Rxb4 d2 34. Rb1 Bb2 35. Rd1 Bc1 36. Bd6 Bd7 37. Bb4 Bxa4 38. Rxd2 Bxd2 39. Bxd2 Kg6 40. Be3 a6 41. Kf1 Bb5+ 42. Ke1 a5 43. g3 Kf5 44. f3 Ke5 45. Bc5 d4 46. Bf8 h5 47. Be7 f6 48. Kd2 a4 0-1

[Event "Cancun Camara Cup 11th"]
[Site "Cancun"]
[Date "2023.10.12"]
[Round "3"]
[White "Duran Vega, Sergio"]
[Black "Gonzalez Zamora, Juan Carlos"]
[Result "1/2-1/2"]
[WhiteElo "2392"]
[BlackElo "2479"]
[PlyCount "135"]
[EventDate "2023.10.11"]
[EventType "swiss"]
[EventRounds "9"]
[EventCountry "MEX"]
[SourceTitle "Mega2024 Update 01"]
[Source "Chessbase"]
[SourceDate "2023.11.12"]
[SourceVersion "1"]
[SourceVersionDate "2023.11.12"]
[SourceQuality "1"]

1. Nf3 Nf6 2. d4 g6 3. c4 Bg7 4. g3 0-0 5. Bg2 d6 6. Nc3 c6 7. 0-0 Qb6 8. h3 Qa6 9. b3 b5 10. cxb5 cxb5 11. Bg5 Bb7 12. a3 Rc8 13. Qd2 Nbd7 14. Rfc1 Qb6 15. Bh6 Rxc3 16. Qxc3 Bxh6 17. e3 Nd5 18. Qd3 e5 19. dxe5 Nxe3 20. fxe3 Bxe3+ 21. Kh2 Bxc1 22. Rxc1 Nxe5 23. Nxe5 dxe5 24. Bxb7 Qxb7 25. Rc5 e4 26. Qxb5 Qxb5 27. Rxb5 Rc8 28. g4 Rc3 29. h4 Kg7 30. Kg2 h6 31. a4 a5 32. Rxa5 Rxb3 33. Re5 Rb4 34. a5 Ra4 35. Kg3 Kf6 36. Re8 h5 37. gxh5 gxh5 38. Kf4 Rxa5 39. Rxe4 Ra3 40. Rb4 Kg6 41. Rb6+ f6 42. Rb8 Ra4+ 43. Kg3 Rg4+ 44. Kh3 Re4 45. Rb5 Re3+ 46. Kg2 Re5 47. Rb8 Kf5 48. Rg8 Kf4 49. Rg6 Re6 50. Kh3 Re3+ 51. Kg2 f5 52. Rg5 Re2+ 53. Kf1 Ra2 54. Rxh5 Ke4 55. Rh8 Kf3 56. Kg1 Rg2+ 57. Kf1 f4 58. Ra8 Rh2 59. Ra3+ Kg4 60. Kg1 Rc2 61. Kf1 Kxh4 62. Rb3 Kg4 63. Ra3 Rc1+ 64. Kf2 Rh1 65. Kg2 Rb1 66. Kf2 Rb2+ 67. Kf1 f3 68. Ra8 1/2-1/2

[Event "Cancun Camara Cup 11th"]
[Site "Cancun"]
[Date "2023.10.11"]
[Round "1"]
[White "Duran Vega, Sergio"]
[Black "Morlett, Ovalle Cris Sebasti"]
[Result "1-0"]
[WhiteElo "2392"]
[BlackElo "1950"]
[PlyCount "95"]
[EventDate "2023.10.11"]
[EventType "swiss"]
[EventRounds "9"]
[EventCountry "MEX"]
[SourceTitle "Mega2024 Update 01"]
[Source "Chessbase"]
[SourceDate "2023.11.12"]
[SourceVersion "1"]
[SourceVersionDate "2023.11.12"]
[SourceQuality "1"]

1. Nf3 d5 2. d4 Nf6 3. c4 c6 4. e3 Bf5 5. Nc3 e6 6. Nh4 Bg4 7. Qb3 Qb6 8. h3 Bh5 9. g4 Bg6 10. Nxg6 hxg6 11. g5 Nfd7 12. f4 Be7 13. Bd2 Na6 14. Qd1 dxc4 15. Bxc4 Nb4 16. Qb3 Nd5 17. 0-0-0 Qxb3 18. Bxb3 Nxc3 19. bxc3 Nb6 20. a4 0-0-0 21. e4 Rh4 22. a5 Nd7 23. Rdf1 Rdh8 24. Rf3 Bd8 25. a6 bxa6 26. Be1 R4h5 27. h4 Be7 28. Rhf1 Rf8 29. Kc2 Kc7 30. Bg3 Bd6 31. c4 c5 32. e5 Be7 33. d5 Kb7 34. Kd3 Rhh8 35. Ra1 Nb6 36. d6 Bd8 37. Rf2 f6 38. Bd1 fxe5 39. fxe5 Rxf2 40. Bxf2 Nd7 41. Bf3+ Kb8 42. Bg3 Bxg5 43. hxg5 Rh3 44. Rh1 Rxh1 45. Bxh1 a5 46. Bc6 Nb6 47. Bf2 a4 48. Bxc5 1-0

[Event "Caribean-chT Rapid 24th"]
[Site "San Salvador"]
[Date "2023.07.05"]
[Round "14.2"]
[White "Ibarra Chami, Luis Fernando"]
[Black "Duran Vega, Sergio"]
[Result "1-0"]
[WhiteElo "2429"]
[BlackElo "2381"]
[PlyCount "116"]
[EventDate "2023.07.03"]
[EventType "tourn (rapid)"]
[EventRounds "15"]
[EventCountry "ESA"]
[SourceTitle "CBM 215 Extra"]
[Source "ChessBase"]
[SourceDate "2023.09.30"]
[SourceVersion "1"]
[SourceVersionDate "2023.09.30"]
[SourceQuality "1"]
[WhiteTeam "Mexico"]
[BlackTeam "Costa Rica"]
[WhiteTeamCountry "MEX"]
[BlackTeamCountry "CRI"]

1. e4 c5 2. Nf3 Nc6 3. d4 cxd4 4. Nxd4 Nf6 5. Nc3 e5 6. Ndb5 d6 7. Bg5 a6 8. Na3 b5 9. Nd5 Be7 10. Bxf6 Bxf6 11. c4 b4 12. Nc2 0-0 13. g3 a5 14. Bg2 g6 15. 0-0 Bg7 16. Qd3 Nb8 17. a3 bxa3 18. Rxa3 Na6 19. Rfa1 Nc5 20. Qc3 Rb8 21. Rxa5 Rb3 22. Qe1 Bb7 23. Rb5 Bxd5 24. exd5 Rxb5 25. cxb5 e4 26. Ra2 f5 27. Bf1 Re8 28. Qe3 Nd7 29. Ra7 Ne5 30. Be2 Bf6 31. Nd4 Qb6 32. Nxf5 Qxe3 33. Nxe3 Nd3 34. Bxd3 exd3 35. Ra3 Rb8 36. Rxd3 Rxb5 37. b3 Kf7 38. Nc4 Ke7 39. f4 Kd7 40. Kg2 Rb8 41. Kf3 Rb5 42. g4 Rb8 43. g5 Be7 44. h4 Rb4 45. Kg4 Rb8 46. h5 Rf8 47. h6 Bd8 48. Re3 Rf5 49. Rd3 Rf8 50. b4 Bc7 51. b5 Rc8 52. Nd2 Bd8 53. Ne4 Rb8 54. Rb3 Rb6 55. Nf6+ Bxf6 56. gxf6 Ke8 57. f5 Kf7 58. Kg5 Ke8 1-0

[Event "Caribean-chT Rapid 24th"]
[Site "San Salvador"]
[Date "2023.07.03"]
[Round "4.2"]
[White "Etienne, Angelo"]
[Black "Duran Vega, Sergio"]
[Result "1-0"]
[WhiteElo "2080"]
[BlackElo "2381"]
[PlyCount "137"]
[EventDate "2023.07.03"]
[EventType "tourn (rapid)"]
[EventRounds "15"]
[EventCountry "ESA"]
[SourceTitle "CBM 215 Extra"]
[Source "ChessBase"]
[SourceDate "2023.09.30"]
[SourceVersion "1"]
[SourceVersionDate "2023.09.30"]
[SourceQuality "1"]
[WhiteTeam "Haiti"]
[BlackTeam "Costa Rica"]
[WhiteTeamCountry "HAI"]
[BlackTeamCountry "CRI"]

1. Nf3 Nf6 2. g3 g6 3. Bg2 Bg7 4. 0-0 0-0 5. d4 d6 6. Re1 d5 7. c3 Bf5 8. Nbd2 c6 9. Nh4 Be6 10. Qb3 Qb6 11. Nhf3 Nbd7 12. Ng5 Bf5 13. e4 dxe4 14. Ngxe4 Rae8 15. Nc4 Qa6 16. Nxf6+ exf6 17. Ne3 Be4 18. Bf1 Qa5 19. Qxb7 Nb6 20. Bg2 Bxg2 21. Kxg2 Re6 22. Bd2 f5 23. b4 Qa4 24. d5 cxd5 25. Nxd5 Rxe1 26. Nxb6 axb6 27. Bxe1 b5 28. Qd5 h5 29. Rc1 Re8 30. Bd2 Re5 31. Qd8+ Kh7 32. Re1 Rxe1 33. Bxe1 Qxa2 34. Qd3 Qa8+ 35. Qf3 Qa2 36. Qd3 Qa1 37. Bd2 Qd1 38. Qe3 Qc2 39. Be1 Qd1 40. Qd2 Qg4 41. Qd3 Qe4+ 42. Qxe4 fxe4 43. f3 exf3+ 44. Kxf3 f5 45. Ke3 Kg8 46. Kd3 Kf7 47. c4 bxc4+ 48. Kxc4 Be5 49. Kd5 Bb8 50. b5 g5 51. b6 f4 52. b7 f3 53. Ke4 g4 54. Kf5 Ba7 55. Bf2 Bb8 56. Kg5 Ke6 57. Kxh5 Kf5 58. Kh4 Bc7 59. Kh5 Bb8 60. Kh6 Be5 61. Kh7 Bb8 62. Kg7 Be5+ 63. Kf7 Bb8 64. Ke7 Ke4 65. Kf6 Kd3 66. Kf5 Ke2 67. Bb6 f2 68. Bxf2 Kf3 69. Bd4 1-0

[Event "Central America-ch 24th"]
[Site "San Salvador"]
[Date "2023.01.21"]
[Round "5"]
[White "Duran Vega, Sergio"]
[Black "Valdes Romero, Leonardo"]
[Result "1/2-1/2"]
[WhiteElo "2403"]
[BlackElo "2410"]
[PlyCount "30"]
[EventDate "2023.01.21"]
[EventType "swiss"]
[EventRounds "11"]
[EventCountry "ESA"]
[SourceTitle "CBM 212 Extra"]
[Source "ChessBase"]
[SourceDate "2023.03.31"]
[SourceVersion "1"]
[SourceVersionDate "2023.03.31"]
[SourceQuality "1"]

1. b3 d6 2. Bb2 e5 3. Nf3 Nf6 4. d3 Be7 5. Nbd2 Nbd7 6. e3 c6 7. Be2 a5 8. a3 0-0 9. 0-0 Re8 10. c4 Bf8 11. Qc2 Qc7 12. h3 h6 13. b4 Qb6 14. Bc3 axb4 15. axb4 Rxa1 1/2-1/2

[Event "Bayamon op"]
[Site "Bayamon"]
[Date "2022.10.09"]
[Round "5"]
[White "Duran Vega, Sergio"]
[Black "Esquivel Golcher, Luis Enrique"]
[Result "1/2-1/2"]
[WhiteElo "2376"]
[BlackElo "2087"]
[PlyCount "25"]
[EventDate "2022.10.07"]
[EventType "swiss"]
[EventRounds "7"]
[EventCountry "PUR"]
[SourceTitle "EXT 2024"]
[Source "ChessBase"]
[SourceDate "2023.10.10"]
[SourceVersion "1"]
[SourceVersionDate "2023.10.10"]
[SourceQuality "1"]

1. b3 Nf6 2. Bb2 g6 3. Nf3 Bg7 4. e3 0-0 5. c4 d6 6. d4 c6 7. Be2 Na6 8. 0-0 Nc7 9. Nc3 Re8 10. Qc2 d5 11. h3 Bf5 12. Bd3 Bxd3 13. Qxd3 1/2-1/2

[Event "Novi Sad TS GM Mix 274th"]
[Site "Novi Sad"]
[Date "2022.06.19"]
[Round "9"]
[White "Milikow, Yoav"]
[Black "Duran Vega, Sergio"]
[Result "1-0"]
[WhiteElo "2460"]
[BlackElo "2365"]
[PlyCount "79"]
[EventDate "2022.06.13"]
[EventType "tourn"]
[EventRounds "9"]
[EventCountry "SRB"]
[EventCategory "6"]
[SourceTitle "CBM 208 Extra"]
[Source "ChessBase"]
[SourceDate "2022.07.31"]
[SourceVersion "1"]
[SourceVersionDate "2022.07.31"]
[SourceQuality "1"]

1. d4 Nf6 2. c4 e6 3. Nc3 Bb4 4. Qc2 d5 5. a3 Bxc3+ 6. Qxc3 dxc4 7. Qxc4 0-0 8. Nf3 b6 9. Bg5 Ba6 10. Qa4 h6 11. Bh4 c5 12. dxc5 bxc5 13. Rc1 Qb6 14. Bxf6 gxf6 15. Rc2 Rd8 16. e3 Bxf1 17. Rxf1 Nd7 18. Ke2 Rab8 19. Rfc1 Qb5+ 20. Qxb5 Rxb5 21. Nd2 Rdb8 22. b3 f5 23. Rc4 Kg7 24. Ra4 R5b7 25. g4 fxg4 26. Rxg4+ Kh7 27. Rcg1 Ne5 28. Re4 Nc6 29. Ra4 Ne5 30. Ra5 Rd8 31. Rc1 Nd3 32. Rc2 f5 33. Ra6 e5 34. Nc4 Rxb3 35. Rxa7+ Kg6 36. Ra6+ Kh5 37. Nd6 f4 38. Nf7 f3+ 39. Kxf3 Ne1+ 40. Ke4 1-0

[Event "Novi Sad TS GM Mix 274th"]
[Site "Novi Sad"]
[Date "2022.06.18"]
[Round "8"]
[White "Duran Vega, Sergio"]
[Black "Popchev, Milko"]
[Result "1-0"]
[WhiteElo "2365"]
[BlackElo "2207"]
[PlyCount "93"]
[EventDate "2022.06.13"]
[EventType "tourn"]
[EventRounds "9"]
[EventCountry "SRB"]
[EventCategory "6"]
[SourceTitle "CBM 208 Extra"]
[Source "ChessBase"]
[SourceDate "2022.07.31"]
[SourceVersion "1"]
[SourceVersionDate "2022.07.31"]
[SourceQuality "1"]

1. g3 d5 2. Nf3 c6 3. Bg2 Bf5 4. 0-0 e6 5. c4 Nf6 6. Qb3 Qb6 7. d3 dxc4 8. Qxc4 Qa6 9. Qc2 Nbd7 10. Nc3 Be7 11. e4 Bg6 12. Nh4 e5 13. f4 exf4 14. Bxf4 Ng4 15. Nxg6 Bc5+ 16. Kh1 hxg6 17. h3 Ne3 18. Bxe3 Bxe3 19. Rae1 Bd4 20. Ne2 Bb6 21. e5 0-0-0 22. d4 Qxa2 23. d5 Nxe5 24. Nc3 Qc4 25. Rxe5 cxd5 26. Qe2 Qxe2 27. Rxe2 Rd7 28. Nxd5 Bd8 29. Ref2 f6 30. Rc1+ Kb8 31. Rfc2 a6 32. Rc8+ Ka7 33. Nf4 Rh6 34. Ne6 Bb6 35. Nc5 Re7 36. b4 g5 37. Ra1 Bc7 38. Bxb7 Rxh3+ 39. Kg2 Rxg3+ 40. Kf2 Kb6 41. Rxc7 Rxc7 42. Kxg3 Kb5 43. Bf3 Re7 44. Nxa6 g6 45. Ra5+ Kb6 46. Nc5 f5 47. Na4+ 1-0

[Event "Novi Sad TS GM Mix 274th"]
[Site "Novi Sad"]
[Date "2022.06.13"]
[Round "1"]
[White "Duran Vega, Sergio"]
[Black "Woodward, Andy"]
[Result "1/2-1/2"]
[WhiteElo "2365"]
[BlackElo "2389"]
[PlyCount "105"]
[EventDate "2022.06.13"]
[EventType "tourn"]
[EventRounds "9"]
[EventCountry "SRB"]
[EventCategory "6"]
[SourceTitle "CBM 208 Extra"]
[Source "ChessBase"]
[SourceDate "2022.07.31"]
[SourceVersion "1"]
[SourceVersionDate "2022.07.31"]
[SourceQuality "1"]

1. d4 Nf6 2. c4 g6 3. g3 Bg7 4. Bg2 d5 5. cxd5 Nxd5 6. e4 Nb6 7. Ne2 0-0 8. 0-0 c5 9. d5 e6 10. Nbc3 exd5 11. exd5 Bf5 12. Bf4 Na6 13. b3 Nb4 14. Qd2 Re8 15. Rad1 Bd3 16. Bg5 Qd6 17. a3 Bxc3 18. Nxc3 Bxf1 19. Rxf1 Na6 20. Ne4 Rxe4 21. Bxe4 Re8 22. Bf4 Qd7 23. Bg2 Nc7 24. d6 Nb5 25. Be3 c4 26. Bxb6 c3 27. Qd3 axb6 28. a4 Nxd6 29. Qxc3 Nf5 30. Bh3 Rc8 31. Qb4 Rc6 32. Re1 Qd6 33. Qxd6 Nxd6 34. Rd1 Ne4 35. Bg2 Re6 36. b4 Nc3 37. Rd7 Re1+ 38. Bf1 Nxa4 39. Kg2 Re4 40. Rc7 Kf8 41. Bc4 Re7 42. Rc8+ Kg7 43. Bb5 Nb2 44. Rc2 Re5 45. Bf1 Na4 46. Rc7 b5 47. Rxb7 Nc3 48. Rc7 Na2 49. Rc5 Re4 50. Bxb5 Nxb4 51. Bc4 Re7 52. h4 Nc2 53. Bb3 1/2-1/2